| 000 | 00693nam a2200181 a 4500 | ||
|---|---|---|---|
| 008 | 120416s2004 ||||||||||||||||| || u | ||
| 020 | _a0195152751 | ||
| 050 | _aQD 75.4.E4 Del | ||
| 100 | _ade Levie, Robert | ||
| 245 | 1 | 0 | _aAdvanced excel for scientific data analysis |
| 260 |
_aOxford _bOxford University Press _c2004. |
||
| 300 | _a615p. : ill. | ||
| 350 | _a0.00 | ||
| 650 | 0 | _aCHEMISTRY--HANDBOOKS, MANUALS, ETC | |
| 650 | _aMICROSOFT EXCEL (COMPUTER FILE) | ||
| 650 | 0 | _aCHEMISTRY, ANALYTICAL--QUANTITATIVE | |
| 995 |
_D0.00 _FCBU-MAIN LIBRARY (Kitwe) _H1 _I33.90 _M1 _UAVAILABLE _WMay 23, 2006 _ZAnnex Low-Usage Collection |
||
| 999 |
_c33554 _d33554 |
||